000 01955nam a2200457Ia 4500
001 sjds1106868
003 sjds
005 20220630203526.0
008 021011s2002 nyu c 000 1 spa d
020 _a0439398851 (pbk.)
020 _a9780439398855 (pbk.)
035 _a332063
035 _z(OCoLC)50228440
035 _a(OCoLC)50771722
035 _a332063
040 _aLPU
_cLPU
_dGZG
_dXY4
_dTEF
_dBTCTA
_dXL4
_dUtOrBLW
041 1 _aspa
_heng
049 _aIFAA
099 _f2002
100 1 _aRyan, Pam Munoz,
_eauthor.
240 1 0 _aEsperanza rising.
_lSpanish
245 1 0 _aEsperanza renace /
_cPam Munoz Ryan ; [translated by Nuria Molinero].
260 _aNew York :
_bScholastic Inc.,
_c2002.
264 1 _aNew York :
_bScholastic Inc.,
_c2002.
300 _a266 pages ;
_c20 cm
336 _atext
_btxt
_2rdacontent
337 _aunmediated
_bn
_2rdamedia
338 _avolume
_bnc
_2rdacarrier
520 _aEsperanza and her mother are forced to leave their life of wealth and privilege in Mexico to go work in the labor camps of Southern California, where they must adapt to the harsh circumstances facing Mexican farm workers on the eve of the Great Depression. Esperanza Ortega has a wonderful life in Mexico until tragedy shatters her dream and forces her and her mother to flee to California and settle in a Mexican farm labor camp.
526 0 _aAccelerated Reader
_bMG
_c5.3
_d6.0
_z44286SP
586 _aPura Belpré Author Award winner, 2002.
586 _aPura Belpré Author Award winner, 2002.
650 0 _aMexican Americans
_zCalifornia
_vJuvenile fiction.
650 0 _aAgricultural laborers
_vJuvenile fiction.
650 7 _aMexicano-americanos
_zCalifornia
_vNovela juvenil.
_2bidex
650 7 _aTrabajadores agricolas
_vNovela juvenil.
_2bidex
651 0 _aCalifornia
_vJuvenile fiction.
651 7 _aCalifornia
_vNovela juvenil.
_2bidex
655 7 _aPura Belpré Award winners.
_2local
942 _cBK
999 _c20678
_d20678